LEADER 00634naa a2200145 i 4500 001 000000325967 003 CaOOAMICUS 005 20180831173513.0 008 180831n it u000 u ita u 013 $a37080 040 $aSeMil$bita 245 10$aCristianesimo e umanesimo: una cristologia alla luce di 1984 di George Orwell. 600 14$aOrwell, George <1903-1950>.$0(OLS)http://semarc/subject/19482 773 0 $tGesù Cristo e il nuovo umanesimo.$dMilano : Centro Ambrosiano, 2015.$z978-88-6894-063-8$gp.80-89$w()245697 996 $6245$aCristianesimo e umanesimo: una cristologia alla luce di 1984 di George Orwell$9(OLS)http://semarc/title/399078 LEADER 00509nab a2200145 i 4500 001 000000274086 003 CaOOAMICUS 005 20101108000000.0 008 101108n xx uu u0 0und r 013 $a22543 040 $aSeMil$bita 245 10$aChi trova un Amico... trova un tesoro!. - 50 p. - Titoli dalla copertina. 500 $aNovembre 2010. 773 0 $t[2010].$dMilano : ITL, 2010.$w()188297 996 $6245$aChi trova un Amico... trova un tesoro!. - 50 p. - Titoli dalla copertina.$9(OLS)http://semarc/title/360903